00183nam a2200061Ia 4500008004100000100001900041245006100060120527s9999 xx 000 0 und d aGARDNER, et al aPathology fopr surgeons in training An A-Z Revision text